000 02073cam a22003491i 4500
003 SA-RiAUC
005 20250627141715.0
008 250626s2015____xxk g 00100 ara c
020 _a9789933521226
040 _aSA-RiKAPL
_bara
_cSA-RiAUC
_dKAC
_erda
041 1 _aara
_hund
043 _aa-su---
082 0 4 _a915.31204
_qSA-RiAUC
090 _a915.31204
_b ر ا ل
100 1 _aرالي، أغسطس،
_d1875-1954
_eمؤلف.
245 1 0 _aرحالة أوروبيون في الحجاز /
_cبقلم أغسطس رالي ؛ ترجمة بطرس رزق الله ؛ مراجعة وتقديم ماجد شبر.
246 3 _aرحالة أوربيون في الحجاز
250 _aالطبعة الثالثة، منقحة ومفهرسة.
264 1 _aبغداد :
_aبيروت :
_bشركة بيت الوراق للطباعة والنشر والتوزيع ؛
_bشركة دار الوراق للنشر،
_c2015
264 2 _aبيروت :
_bالفرات للنشر والتوزيع
300 _a280 صفحة ؛
_c23 سم
336 _aنص
_btxt
_2rdacontent
_3كتاب
337 _aبدون وسيط
_bn
_2rdamedia
338 _aمجلد
_bnc
_2rdacarrier
500 _aكشاف : صفحة 259-280.
520 _aهذا الكتاب الذي بين يديك يسلط الضوء على تاريخ كل الرحالة الستة عشر من جوانب عديدة من أي بلد جاء ولماذا كان إهتمامه بالشرق عموما والعرب خصوصا بل يتعدى هذا الأمر ويتحدث عن مغامرات هؤلاء الرحالة في إصقاع الجزيرة العربية ومن ثم يدخل في صميم الرحلة لكل الرسالة الستة عشر من الذين زاروا الحجاز إبتداء من عام 1503م–909ه لغاية عام 1894م–1311ه.
651 7 _aالحجاز (السعودية)
_xوصف ورحلات
_2aucsh
700 1 _aرزق الله، بطرس
_eمترجم.
700 1 _aشبر، ماجد
_eمراجع.
942 _2ddc
_cBOOK
_n0
949 _aSA-JeALM
_d250626
_umohamedma123
_n1
999 _c9230
_d9230